US states that don't have O or U in their name - Statistics

General Stats
  • This quiz has been taken 83 times
  • The average score is 17 of 20
Answer Stats
Answer % Correct
Maine
96%
Alaska
95%
Alabama
93%
Arkansas
93%
Texas
90%
Kansas
89%
Hawaii
88%
New Jersey
88%
Delaware
86%
Mississippi
86%
New Hampshire
86%
Pennsylvania
84%
Virginia
84%
Maryland
82%
Michigan
82%
Tennessee
82%
West Virginia
82%
Nevada
81%
Indiana
79%
Nebraska
79%
No matching quizzes found
Score Distribution
Percent of People with Each Score
Percentile by Number Answered
Your Score History
You have not taken this quiz